000 00660nam a22001937a 4500
003 OSt
005 20250707061207.0
008 250707b |||||||| |||| 00| 0 eng d
020 _a9789710161768
040 _aDWCL - Main lib
_cOC
082 _aCirc. 371.1022 R995c 2016
100 _aVaendez, Marites M.
245 _aValues education across the borders :
_bgeared towards K-12 transition/
_cMarites M. Valendez
260 _aMalabon City :
_bJimczyville Publications,
_cc2016.
300 _aviii, 216 pages :
_b illustrations ;
_c23 cm.
650 _a1. Moral education.
650 _a2. Values--Study and teaching.
942 _2ddc
_cBK - FIL
_kFil.,
_n0
999 _c3420
_d3420